000 01520 a2200217 4500
001 47350
005 20260407155741.0
008 260407a1985 arg spa d
003 AR-UNSa-BCEJYS
040 _aAR-UNSa-BCEJYS
_bspa
_cAR-UNSa-BCEJYS
080 _a330
_xEconomía en general
245 1 0 _aIntroducción a la economía
_pCompetencia, autoritarismo y cambio en las economías capitalistas
020 _a84-7423-297-X
264 1 _aMadrid :
_bAlianza Editorial
_c1985
300 _a294 p.
_c13 cm.
505 _aParte I: COMPETENCIA, AUTORITARISMO Y CAMBIO : 1. Un enfoque tridimensional para el estudio de la economía - 2. El excedente - 3. El capitalismo y otros sistemas económicos - 4. La acumulación y el cambio de las economías capitalistas -- Parte II: MICROECONOMÍA: MERCADOS Y RELACIONES DE PODER : 5. La producción capitalista y los beneficios - 6. Competencia y concentración - 7. Los salarios y el trabajo - 8. La tecnología, el control y el conflicto en el centro de trabajo -- Parte III: MACROECONOMÍA : INESTABILIDAD Y CRECIMIENTO : 9. La inversión, el producto y el empleo - 10. El desempleo, la inflación y el ciclo económico - 11. El estado y la economía -- Parte IV: EL CAPITALISMO OCCIDENTAL: PROMESAS Y RESULTADOS : 12. El capitalismo occidental : promesas y resultados.
942 _cBK
590 _aniveau_biblio:m niveau_hierar:0
100 1 _aToharia, Luis
856 4 1 _uhttps://www.biblioeco.unsa.edu.ar/pmb/images/libros/L127480.jpg
_yImagen de portada
_qimage/jpeg
999 _c4344
_d4344